[Event "18 Torneo San Viator"]
[Site "Madrid ESP"]
[Date "2012.06.03"]
[Round "9.4"]
[White "Julian Serra, Rogelio"]
[Black "Fernandez Garcia, Javier"]
[Result "1-0"]
[WhiteElo "2042"]
[BlackElo "2006"]
[PlyCount "95"]
[EventDate "2012.03.25"]
[EventType "swiss"]
[EventRounds "9"]
[EventCountry "ESP"]
[Source "lmi"]
[SourceDate "2012.03.25"]

1. c4 e6 2. g3 d5 3. Bg2 c6 4. Nf3 dxc4 5. Qc2 b5 6. O-O Bb7 7. Nc3 Nf6 8. Rd1
Nbd7 9. d3 cxd3 10. Rxd3 Bc5 11. Bf4 Qb6 12. e3 Nd5 13. Nxd5 cxd5 14. Rc1 Rc8
15. b4 Be7 16. Bc7 Qa6 17. Qb2 Bf6 18. Nd4 Nb6 19. Ra3 Na4 20. Qe2 Bxd4 21.
exd4 O-O 22. Bf1 Bc6 23. Bd6 Rfd8 24. Be5 Qb7 25. Qg4 f5 26. Qg5 Be8 27. Rc7
Rxc7 28. Qxd8 Rc8 29. Qh4 Nb2 30. Ra6 Qxa6 31. Qe7 Bf7 32. Qg5 Kf8 33. Qxg7+
Ke8 34. Qh8+ Kd7 35. Qg7 Re8 36. Qxf7+ Re7 37. Qg8 Nc4 38. Bf6 Qxa2 39. Qf8 Qb1
40. Qxe7+ Kc6 41. Qxe6+ Kc7 42. Qe7+ Kc6 43. Qc5+ Kb7 44. Qxd5+ Ka6 45. Qc6+
Nb6 46. Kg2 Qxb4 47. Bd3 Qd2 48. Qxb5+ 1-0

[Event "18 Torneo San Viator"]
[Site "Madrid ESP"]
[Date "2012.06.03"]
[Round "9.5"]
[White "Cabanas Bravo, Juan Andres"]
[Black "Magan Gonzalez, Alberto"]
[Result "1-0"]
[WhiteElo "2092"]
[BlackElo "1828"]
[PlyCount "109"]
[EventDate "2012.03.25"]
[EventType "swiss"]
[EventRounds "9"]
[EventCountry "ESP"]
[Source "lmi"]
[SourceDate "2012.03.25"]

1. e4 c5 2. Nf3 d6 3. d4 cxd4 4. Nxd4 Nf6 5. Nc3 a6 6. Bg5 e6 7. f4 Be7 8. Qf3
Qc7 9. f5 Nc6 10. O-O-O Ne5 11. Qh3 Nfg4 12. Bxe7 Qxe7 13. Qg3 O-O 14. Qf4 b5
15. Be2 b4 16. Nb1 Nf6 17. Nd2 Bb7 18. g4 Rfc8 19. g5 Nfd7 20. Rdg1 Nc5 21. Kb1
a5 22. Rg3 a4 23. Qh4 b3 24. cxb3 axb3 25. Rh3 h6 26. f6 Qf8 27. fxg7 Qxg7 28.
gxh6 Qh7 29. Rg1+ Ng6 30. Bf3 Rxa2 31. N4xb3 Rca8 32. Qf6 Nd3 33. Nc4 d5 34.
exd5 exd5 35. Rxg6+ fxg6 36. Qe6+ Kh8 37. Bxd5 Bxd5 38. Qxd5 Qe7 39. Rxd3 Qe1+
40. Rd1 Qe7 41. Qe5+ Qxe5 42. Nxe5 Kh7 43. Ng4 R2a7 44. Rd6 Rb8 45. Nd4 Rf8 46.
Ne6 Rf5 47. h3 Ra4 48. Rd7+ Kh8 49. Rd8+ Kh7 50. Rd7+ Kh8 51. Ne3 Re5 52. Rd8+
Kh7 53. Ng5+ Kxh6 54. Nf7+ Kh5 55. Rh8# 1-0

[Event "18 Torneo San Viator"]
[Site "Madrid ESP"]
[Date "2012.06.03"]
[Round "9.6"]
[White "Noval Toldos, Francisco Javier"]
[Black "Rodriguez Diaz, Alberto Jose"]
[Result "1-0"]
[WhiteElo "1977"]
[BlackElo "1979"]
[PlyCount "151"]
[EventDate "2012.03.25"]
[EventType "swiss"]
[EventRounds "9"]
[EventCountry "ESP"]
[Source "lmi"]
[SourceDate "2012.03.25"]

1. e4 e5 2. Nf3 Nc6 3. Bb5 d6 4. d4 exd4 5. Nxd4 Bd7 6. Nc3 Nf6 7. O-O Nxd4 8.
Qxd4 Be7 9. Bf4 O-O 10. Rad1 a6 11. Bxd7 Nxd7 12. Nd5 Re8 13. f3 Bf8 14. Kh1 g6
15. c3 Bg7 16. Qc4 Rc8 17. Rfe1 Ne5 18. Qb4 b6 19. Qa4 a5 20. Bg3 Qd7 21. Qc2
Qc6 22. Bh4 Nd7 23. Qd2 Kf8 24. Qf4 h6 25. Nf6 g5 26. Nh7+ Kg8 27. Nxg5 hxg5
28. Bxg5 Nf8 29. Qg4 Qd7 30. Qg3 Qa4 31. h4 Re6 32. h5 Kh8 33. Qf4 Nh7 34. Bh4
Qd7 35. g4 Rg8 36. g5 Re5 37. Re2 Nxg5 38. h6 Bxh6 39. Qxe5+ dxe5 40. Rxd7 Nxf3
41. Bf6+ Kh7 42. Rg2 Ng5 43. Bxg5 Bxg5 44. Rxf7+ Kh6 45. Rxc7 Rf8 46. Rc6+ Kh5
47. Rc7 Rf1+ 48. Rg1 Rf2 49. Rh7+ Kg6 50. Rh2 Rf4 51. Re1 Bh4 52. Ree2 Kh5 53.
b3 Kg4 54. Kg2 Kg5 55. a4 Rg4+ 56. Kh1 Kf4 57. Rh3 Be7 58. Kh2 Bc5 59. Re1 Be7
60. Rd3 Rh4+ 61. Rh3 Rg4 62. Rh7 Rh4+ 63. Rxh4+ Bxh4 64. Re2 Kf3 65. Rg2 Be1
66. Kh3 Ke3 67. c4 Bc3 68. Rg3+ Kd2 69. Kg4 Kc2 70. Kf5 Bd4 71. Ke6 Kb2 72. Kd5
Ka3 73. Rd3 Bb2 74. c5 bxc5 75. Kxc5 Bc1 76. Kb5 1-0

[Event "18 Torneo San Viator"]
[Site "Madrid ESP"]
[Date "2012.06.03"]
[Round "9.7"]
[White "Barahona Torrijos, Angel"]
[Black "Gomez Dorado, Ernesto"]
[Result "0-1"]
[WhiteElo "1904"]
[BlackElo "1648"]
[PlyCount "74"]
[EventDate "2012.03.25"]
[EventType "swiss"]
[EventRounds "9"]
[EventCountry "ESP"]
[Source "lmi"]
[SourceDate "2012.03.25"]

1. e4 c5 2. a3 e6 3. b4 cxb4 4. axb4 Bxb4 5. Bb2 Nf6 6. e5 Nd5 7. c4 Ne7 8. Na3
Nbc6 9. Nc2 Ba5 10. Bd3 d6 11. exd6 Qxd6 12. Be4 e5 13. Ba3 Qd8 14. Ne3 O-O 15.
Bxc6 Nxc6 16. Bxf8 Kxf8 17. Ne2 Be6 18. O-O Qxd2 19. Ng3 Qxd1 20. Rfxd1 Bc3 21.
Rac1 Bd4 22. c5 g6 23. Ne4 Ke7 24. Ng5 h6 25. Nxe6 Kxe6 26. Kf1 a5 27. Rb1 Nb4
28. Rd2 Bxc5 29. Nc2 Nxc2 30. Rxc2 b6 31. Rc4 a4 32. Ra1 a3 33. f4 Kd5 34. Rc2
Bd4 35. Raa2 f6 36. g3 b5 37. Rc7 b4 0-1

[Event "18 Torneo San Viator"]
[Site "Madrid ESP"]
[Date "2012.06.03"]
[Round "9.8"]
[White "Iturbide Arnedo, Oscar"]
[Black "Padin Lazaro, Jose Manuel"]
[Result "1-0"]
[WhiteElo "2131"]
[BlackElo "1799"]
[PlyCount "79"]
[EventDate "2012.03.25"]
[EventType "swiss"]
[EventRounds "9"]
[EventCountry "ESP"]
[Source "lmi"]
[SourceDate "2012.03.25"]

1. g3 d5 2. Bg2 e6 3. d3 c5 4. c4 dxc4 5. Qa4+ Bd7 6. Qxc4 Bc6 7. Nf3 Nf6 8.
O-O Be7 9. a3 O-O 10. b3 Nbd7 11. Bb2 Rc8 12. Nbd2 Qc7 13. Rac1 Qb8 14. Qc2 b5
15. Qb1 Rfd8 16. Qa1 Qb7 17. Bh3 a6 18. Ne5 Nxe5 19. Bxe5 Qd7 20. Ne4 Nxe4 21.
dxe4 Bf8 22. Rfd1 Qe7 23. Bg2 Rxd1+ 24. Rxd1 Rd8 25. Bc3 Rxd1+ 26. Qxd1 Qd7 27.
Qxd7 Bxd7 28. e5 c4 29. b4 Bc8 30. Bc6 Be7 31. a4 bxa4 32. Bxa4 f6 33. f4 fxe5
34. fxe5 Bb7 35. Kf2 Bg5 36. e3 h5 37. h4 Bh6 38. Ke2 Be4 39. Bd7 Kf7 40. Bc8
1-0

[Event "18 Torneo San Viator"]
[Site "Madrid ESP"]
[Date "2012.06.03"]
[Round "9.10"]
[White "Gutierrez Mordini, Pablo"]
[Black "Munoz Manzano, Jose Manuel"]
[Result "0-1"]
[WhiteElo "1735"]
[BlackElo "1911"]
[PlyCount "112"]
[EventDate "2012.03.25"]
[EventType "swiss"]
[EventRounds "9"]
[EventCountry "ESP"]
[Source "lmi"]
[SourceDate "2012.03.25"]

1. d4 d5 2. c4 c6 3. Nc3 Nf6 4. Bg5 Ne4 5. Nxe4 dxe4 6. b4 e6 7. Qd2 Bxb4 8.
Qxb4 Qxg5 9. e3 Na6 10. Qa3 c5 11. Nh3 Qe7 12. dxc5 Qxc5 13. Qxc5 Nxc5 14. Nf4
Ke7 15. Rd1 Bd7 16. g4 Rhd8 17. Bg2 Ba4 18. Rd4 g5 19. Ne2 Bc6 20. O-O e5 21.
Rdd1 Rd3 22. Rxd3 exd3 23. Nc3 Rd8 24. Nd5+ Bxd5 25. Bxd5 Rd6 26. Rb1 Ra6 27.
Rb2 b6 28. Kf1 Ra3 29. Ke1 Rc3 30. Kd2 Na4 31. f3 Ra3 32. Rb1 Rxa2+ 33. Kxd3
Rxh2 34. Ra1 Nc5+ 35. Kc3 a5 36. Rb1 Re2 37. Rh1 Rxe3+ 38. Kd2 Ra3 39. Rxh7 Ne6
40. Rh1 Nf4 41. Be4 Rb3 42. Ra1 Kd6 43. Kc2 Rb4 44. Rd1+ Kc5 45. Bd5 Nxd5 46.
Rxd5+ Kc6 47. Rxe5 Rxc4+ 48. Kd3 Rf4 49. Re3 a4 50. Kc2 b5 51. Kc3 b4+ 52. Kb2
Kc5 53. Re5+ Kc4 54. Rxg5 Rxf3 55. Rg8 Rf2+ 56. Kc1 a3 0-1

[Event "18 Torneo San Viator"]
[Site "Madrid ESP"]
[Date "2012.06.03"]
[Round "9.11"]
[White "Ore Leon, Gustavo"]
[Black "Garcia Sanjuan, Jose"]
[Result "1-0"]
[WhiteElo "1708"]
[BlackElo "1894"]
[PlyCount "137"]
[EventDate "2012.03.25"]
[EventType "swiss"]
[EventRounds "9"]
[EventCountry "ESP"]
[Source "lmi"]
[SourceDate "2012.03.25"]

1. g3 d5 2. Bg2 e5 3. d3 c6 4. Nf3 Bd6 5. O-O Bg4 6. Nbd2 Nf6 7. h3 Bd7 8. e4
O-O 9. c3 Na6 10. Re1 Re8 11. a4 Qc8 12. Kh2 Qc7 13. Nf1 h6 14. Nh4 Qd8 15. Ne3
dxe4 16. dxe4 Bf8 17. b4 Nc7 18. Nef5 Bxf5 19. Nxf5 Ne6 20. Be3 a5 21. Qxd8
Rexd8 22. bxa5 Rd3 23. Reb1 Rxc3 24. Rxb7 Nc5 25. Ne7+ Kh7 26. Rc7 Nb3 27. Ra2
Nxa5 28. Bd2 Rc4 29. Rc8 Rxc8 30. Nxc8 Nb3 31. Be3 Bc5 32. a5 Bxe3 33. fxe3 Rb4
34. a6 Rb8 35. a7 Rxc8 36. a8=Q Rxa8 37. Rxa8 c5 38. Ra3 c4 39. Bf1 Nd2 40. Be2
Nfxe4 41. Ra2 f5 42. Rc2 c3 43. Kg2 g5 44. Bd3 Kg6 45. g4 f4 46. Rxc3 f3+ 47.
Kh2 f2 48. Bxe4+ Nxe4 49. Rc6+ Kf7 50. Kg2 Kg7 51. Rb6 Nf6 52. Kxf2 e4 53. Kg3
Nd5 54. Rb7+ Kg6 55. Kf2 Nf6 56. Rb6 Kg7 57. Ke2 Nd5 58. Re6 Nf6 59. Kd2 Kf7
60. Re5 Kg6 61. Re6 Kf7 62. Rd6 Ke7 63. Ra6 Kf7 64. Kc3 h5 65. Rxf6+ Kxf6 66.
gxh5 Kg7 67. Kd4 Kh6 68. Kxe4 Kxh5 69. Kf5 1-0

[Event "18 Torneo San Viator"]
[Site "Madrid ESP"]
[Date "2012.06.03"]
[Round "9.13"]
[White "Perez Perez, Elena"]
[Black "Gutierrez Sanchez, Fernando"]
[Result "0-1"]
[WhiteElo "1709"]
[BlackElo "1929"]
[PlyCount "82"]
[EventDate "2012.03.25"]
[EventType "swiss"]
[EventRounds "9"]
[EventCountry "ESP"]
[Source "lmi"]
[SourceDate "2012.03.25"]

1. e4 c5 2. Nf3 Nc6 3. d4 cxd4 4. Nxd4 g6 5. Nc3 Bg7 6. Be3 Nf6 7. f3 O-O 8.
Bc4 Qb6 9. Bb3 Nxe4 10. Nxe4 Bxd4 11. Bxd4 Qxd4 12. c3 Qb6 13. Qd2 d6 14. Qh6
Qb5 15. Ng5 Qe5+ 16. Kf2 Qg7 17. Qxg7+ Kxg7 18. Rhe1 Bf5 19. g4 Bd7 20. Rad1 h6
21. Nxf7 Rxf7 22. Bxf7 Kxf7 23. a3 g5 24. Kg3 Rf8 25. Re3 Bc8 26. Rde1 Ke8 27.
b4 Bd7 28. h4 Ne5 29. hxg5 hxg5 30. Rh1 Bc6 31. Rf1 Kd7 32. f4 Nc4 33. Rd3 Bb5
34. Rf2 gxf4+ 35. Rxf4 Rg8 36. Rd5 Nxa3 37. c4 e5 38. Re4 Bc6 39. Ra5 Bxe4 40.
Rxa3 a6 41. Re3 Bf5 0-1

[Event "18 Torneo San Viator"]
[Site "Madrid ESP"]
[Date "2012.06.03"]
[Round "9.14"]
[White "Alonso Herrero, Ignacio"]
[Black "Sierra Bermejo, Gregorio"]
[Result "1/2-1/2"]
[WhiteElo "1809"]
[BlackElo "1677"]
[PlyCount "66"]
[EventDate "2012.03.25"]
[EventType "swiss"]
[EventRounds "9"]
[EventCountry "ESP"]
[Source "lmi"]
[SourceDate "2012.03.25"]

1. Nf3 Nf6 2. b3 e6 3. Bb2 Be7 4. e3 d5 5. c4 c6 6. Qc2 Nbd7 7. cxd5 exd5 8.
Nc3 O-O 9. h3 Re8 10. g4 Nf8 11. Ne2 Ne4 12. Nc3 Bf6 13. d3 Nxc3 14. Bxc3 d4
15. g5 dxc3 16. gxf6 Qxf6 17. Be2 b5 18. O-O-O c5 19. Rdg1 Bb7 20. Rg3 b4 21.
Rhg1 g6 22. h4 h6 23. h5 g5 24. Nh2 Bc8 25. f4 Nh7 26. Bf3 Rxe3 27. fxg5 Nxg5
28. Rf1 Qf4 29. Rxg5+ Qxg5 30. Kb1 Qf4 31. Qg2+ Qg5 32. Qf2 Qf4 33. Qg2+ Qg5
1/2-1/2

[Event "18 Torneo San Viator"]
[Site "Madrid ESP"]
[Date "2012.06.03"]
[Round "9.15"]
[White "Sanchez Lopez, Maria"]
[Black "Moreno Sanchez, Guillermo"]
[Result "1-0"]
[WhiteElo "1799"]
[BlackElo "1649"]
[PlyCount "71"]
[EventDate "2012.03.25"]
[EventType "swiss"]
[EventRounds "9"]
[EventCountry "ESP"]
[Source "lmi"]
[SourceDate "2012.03.25"]

1. d4 d5 2. c4 e6 3. Nc3 Nf6 4. cxd5 exd5 5. Bg5 Nbd7 6. e3 Be7 7. Bd3 c6 8.
Nf3 O-O 9. O-O Re8 10. Qc2 Nf8 11. Rab1 Be6 12. b4 a6 13. a4 Rc8 14. Rfc1 Bd6
15. b5 cxb5 16. axb5 a5 17. Qb3 Bb4 18. Na4 Qd6 19. Bf4 Qd8 20. b6 Bd7 21. Rc7
Bc6 22. Ng5 Re7 23. Nc5 Bxc5 24. dxc5 h6 25. Bd6 Rexc7 26. Bxc7 Qd7 27. Nf3 a4
28. Qc2 g6 29. Ne5 Qe8 30. Nxc6 Qxc6 31. Bb5 Qe6 32. c6 Rxc7 33. bxc7 bxc6 34.
Qxc6 Qc8 35. Ba6 Qf5 36. Rf1 1-0

[Event "18 Torneo San Viator"]
[Site "Madrid ESP"]
[Date "2012.06.03"]
[Round "9.18"]
[White "Castro Uceda, Jose Antonio"]
[Black "Garcia-Ruiz Fuentes, Angel M"]
[Result "0-1"]
[WhiteElo "1658"]
[BlackElo "1873"]
[PlyCount "80"]
[EventDate "2012.03.25"]
[EventType "swiss"]
[EventRounds "9"]
[EventCountry "ESP"]
[Source "lmi"]
[SourceDate "2012.03.25"]

1. d4 Nf6 2. c4 g6 3. Nc3 Bg7 4. e3 d6 5. Nf3 O-O 6. Bd3 Nbd7 7. O-O c5 8. d5
Ng4 9. h3 Nge5 10. Nxe5 Nxe5 11. Re1 a6 12. Rb1 Rb8 13. e4 b5 14. cxb5 Nxd3 15.
Qxd3 axb5 16. Nxb5 Qa5 17. Nc3 Bxc3 18. bxc3 Rxb1 19. Qxb1 Qxc3 20. Bb2 Qb4 21.
Qc1 f6 22. Qc3 Qa4 23. a3 Ba6 24. Kh1 Rb8 25. Kh2 Rb3 26. Qd2 Qb5 27. Rb1 c4
28. Bxf6 exf6 29. Rxb3 cxb3 30. Qb2 Kf7 31. f4 Qc4 32. h4 h5 33. Qf2 Qc5 34.
Qb2 Qe3 35. Kh1 Qe1+ 36. Kh2 Qxh4+ 37. Kg1 Qe1+ 38. Kh2 Qe3 39. e5 fxe5 40.
fxe5 Qxe5+ 0-1

[Event "18 Torneo San Viator"]
[Site "Madrid ESP"]
[Date "2012.06.03"]
[Round "9.19"]
[White "Tevar Sanz, Gonzalo"]
[Black "Ramos Pinto, Jose Maria"]
[Result "0-1"]
[WhiteElo "1825"]
[BlackElo "1593"]
[PlyCount "118"]
[EventDate "2012.03.25"]
[EventType "swiss"]
[EventRounds "9"]
[EventCountry "ESP"]
[Source "lmi"]
[SourceDate "2012.03.25"]

1. d4 Nf6 2. Bf4 d5 3. e3 e6 4. Nd2 c5 5. c3 Nc6 6. Bd3 cxd4 7. exd4 Bd6 8.
Bxd6 Qxd6 9. Ngf3 O-O 10. Qe2 Re8 11. Ne5 Ne7 12. Ndf3 g6 13. Ng5 Rf8 14. Qf3
Kg7 15. Qh3 Bd7 16. g4 Be8 17. Ngf3 h5 18. gxh5 Nxh5 19. Qg4 Nf6 20. Qg2 Nh5
21. Bc2 Nf5 22. Rg1 Rh8 23. O-O-O Nf4 24. Qf1 Rxh2 25. Nxh2 f6 26. Bxf5 exf5
27. Nd3 Bb5 28. Rg3 Re8 29. Kb1 Nxd3 30. Rdxd3 Qa6 31. Qd1 f4 32. Rh3 Bxd3+ 33.
Rxd3 g5 34. Ng4 Qe6 35. a3 Rh8 36. Rd2 Qe4+ 37. Qc2 Rh1+ 38. Ka2 Qxc2 39. Rxc2
Rh4 40. f3 f5 41. Ne5 g4 42. Rg2 g3 43. Nd3 Kf6 44. Kb3 Kg5 45. Nb4 Rh2 46. Rg1
Rf2 47. Nxd5 Rxf3 48. Kc4 Rf2 49. b4 g2 50. Kd3 f3 51. Ne3 f4 52. Nxg2 fxg2 53.
d5 Kf5 54. Kd4 f3 55. d6 Ke6 56. Rd1 Rf1 57. Rd3 g1=Q+ 58. Kc4 Qg4+ 59. Rd4
Qxd4+ 0-1

[Event "18 Torneo San Viator"]
[Site "Madrid ESP"]
[Date "2012.06.03"]
[Round "9.21"]
[White "Moreno Zamora, Gregorio"]
[Black "Lopez Guitian, Juan J"]
[Result "1-0"]
[WhiteElo "1760"]
[BlackElo "1506"]
[PlyCount "67"]
[EventDate "2012.03.25"]
[EventType "swiss"]
[EventRounds "9"]
[EventCountry "ESP"]
[Source "lmi"]
[SourceDate "2012.03.25"]

1. d4 g6 2. c4 Bg7 3. Nc3 d6 4. e4 Nd7 5. f4 c5 6. d5 Ngf6 7. Nf3 O-O 8. Be2 a6
9. a4 h6 10. h3 Qa5 11. Bd2 Ne8 12. O-O e6 13. Qc2 e5 14. f5 g5 15. g4 Qd8 16.
Be1 Bf6 17. Qd2 Kg7 18. Kg2 Rh8 19. h4 gxh4 20. Rh1 Bg5 21. Qd1 h5 22. Nxg5
Qxg5 23. Bxh4 Qh6 24. g5 Qh7 25. Bf2 Kf8 26. Rxh5 Qg8 27. Rxh8 Qxh8 28. Qd3 Ke7
29. Rh1 Qg8 30. Kf1 Kd8 31. Qh3 Nf8 32. Qh8 Qxh8 33. Rxh8 Nd7 34. Bh5 1-0

[Event "18 Torneo San Viator"]
[Site "Madrid ESP"]
[Date "2012.06.03"]
[Round "9.22"]
[White "Mateos Cordero, Francisco"]
[Black "Tolosana Esteban, Enrique"]
[Result "0-1"]
[WhiteElo "1491"]
[BlackElo "1743"]
[PlyCount "120"]
[EventDate "2012.03.25"]
[EventType "swiss"]
[EventRounds "9"]
[EventCountry "ESP"]
[Source "lmi"]
[SourceDate "2012.03.25"]

1. d4 Nf6 2. c4 e6 3. Nc3 Bb4 4. Qc2 c5 5. e3 d5 6. Nf3 Nc6 7. cxd5 Nxd5 8. Bb5
Qb6 9. Bxc6+ Qxc6 10. Bd2 b6 11. Ne5 Qb7 12. Ne4 O-O 13. O-O Bxd2 14. Qxd2 Nf4
15. f3 f6 16. exf4 fxe5 17. fxe5 Qd5 18. dxc5 Qxe5 19. cxb6 axb6 20. Qb4 Ba6
21. Rfe1 Qf5 22. Qxb6 Bd3 23. Ng3 Qg5 24. Qxe6+ Kh8 25. Qe5 Qg6 26. Qe6 Qg5 27.
a3 Rac8 28. Ne4 Qf4 29. Qd6 Qxd6 30. Nxd6 Rb8 31. b4 Rb6 32. Nf7+ Kg8 33. Ne5
Bf5 34. g4 Bc8 35. Rad1 Re6 36. Kg2 Bb7 37. Re3 Rxe5 38. Rxe5 Bxf3+ 39. Kg3
Bxd1 40. Ra5 Rf3+ 41. Kg2 Rb3 42. Ra7 Bxg4 43. Ra5 Bd7 44. h4 Kf7 45. Ra7 Ke7
46. Kf2 g6 47. Ke2 Rh3 48. b5 Rxh4 49. a4 Rxa4 50. Rb7 Rb4 51. b6 Kd8 52. Rb8+
Bc8 53. Ke3 h5 54. Kf2 g5 55. Kf3 h4 56. Ke3 g4 57. Kd2 g3 58. Kc3 Rb1 59. Kc2
Rb5 60. Kc3 g2 0-1

[Event "18 Torneo San Viator"]
[Site "Madrid ESP"]
[Date "2012.06.03"]
[Round "9.23"]
[White "Franco Rincon, David"]
[Black "Zhynguel Ramirez De Verger, Ale"]
[Result "0-1"]
[WhiteElo "1696"]
[BlackElo "1586"]
[PlyCount "90"]
[EventDate "2012.03.25"]
[EventType "swiss"]
[EventRounds "9"]
[EventCountry "ESP"]
[Source "lmi"]
[SourceDate "2012.03.25"]

1. e4 c5 2. Nc3 d6 3. g3 g6 4. Bg2 Bg7 5. d3 Nc6 6. Be3 e6 7. Rb1 Nge7 8. f4
O-O 9. Nf3 b6 10. O-O Ba6 11. Re1 Qc7 12. Bf2 Rac8 13. Ne2 Rfe8 14. c3 Bb7 15.
Qd2 d5 16. e5 Red8 17. d4 c4 18. g4 b5 19. a3 Na5 20. Nc1 Bc6 21. Bh4 Re8 22.
Bh3 Bd7 23. Qc2 Bh6 24. f5 exf5 25. Bxe7 fxg4 26. Bd6 Qd8 27. Bxg4 Bxg4 28. Qg2
Bf5 29. Ra1 Nb7 30. Ne2 Nxd6 31. exd6 Qxd6 32. Ng3 Bd7 33. Ne5 f6 34. Nxd7 Qxd7
35. Rf1 Kf7 36. Rae1 Rxe1 37. Rxe1 Re8 38. Rxe8 Kxe8 39. Qf2 Qe6 40. Kg2 Kf7
41. Ne2 Qe3 42. Qf1 Qe4+ 43. Kg3 f5 44. h3 Bg5 45. Qf2 Bh4+ 0-1

[Event "18 Torneo San Viator"]
[Site "Madrid ESP"]
[Date "2012.06.03"]
[Round "9.24"]
[White "Gil Calvente, Jose Antonio"]
[Black "Garcia Otero, Pedro"]
[Result "1-0"]
[WhiteElo "1677"]
[BlackElo "1701"]
[PlyCount "45"]
[EventDate "2012.03.25"]
[EventType "swiss"]
[EventRounds "9"]
[EventCountry "ESP"]
[Source "lmi"]
[SourceDate "2012.03.25"]

1. e4 d5 2. exd5 Qxd5 3. Nc3 Qe5+ 4. Be2 c6 5. Nf3 Qc7 6. d4 Bf5 7. O-O Nf6 8.
Re1 e6 9. Bd3 Bxd3 10. Qxd3 Nbd7 11. Ne2 Be7 12. Bf4 Bd6 13. g3 Bxf4 14. Nxf4
Nd5 15. Nxe6 fxe6 16. Rxe6+ Kf8 17. Rae1 h6 18. Qf5+ N7f6 19. c4 Rd8 20. cxd5
Rxd5 21. Re8+ Kf7 22. Qe6+ Kg6 23. Rxh8 1-0

[Event "18 Torneo San Viator"]
[Site "Madrid ESP"]
[Date "2012.06.03"]
[Round "9.25"]
[White "Yaniz Lana, Francisco Javier"]
[Black "Vazquez Cabeza, Isaac"]
[Result "1-0"]
[WhiteElo "1664"]
[BlackElo "1471"]
[PlyCount "113"]
[EventDate "2012.03.25"]
[EventType "swiss"]
[EventRounds "9"]
[EventCountry "ESP"]
[Source "lmi"]
[SourceDate "2012.03.25"]

1. d4 Nf6 2. Bf4 d6 3. Nf3 g6 4. e3 Bg7 5. Be2 O-O 6. O-O Bf5 7. c4 Nbd7 8. Nc3
Re8 9. Nh4 Ne4 10. Nxe4 Bxe4 11. f3 e5 12. Bg3 Bf6 13. fxe4 Bxh4 14. Bxh4 Qxh4
15. Bg4 Nf6 16. Bh3 Nxe4 17. dxe5 dxe5 18. Rf3 Ng5 19. Rg3 Nxh3+ 20. Rxh3 Qxc4
21. b3 Qc6 22. Qg4 Qe6 23. Qh4 h5 24. Rg3 Qe7 25. Qxh5 Qf6 26. Rf1 Qg7 27. Qg4
Rad8 28. h4 Rd2 29. h5 Re6 30. Rgf3 gxh5 31. Qxg7+ Kxg7 32. Rxf7+ Kg6 33. Rxc7
Rb6 34. Rc8 Rf6 35. Rg8+ Kf7 36. Rf8+ Kxf8 37. Rxf6+ Kg7 38. Rf5 Rxa2 39. Rxe5
Kg6 40. Kh2 Ra3 41. Rb5 b6 42. Kg3 Ra2 43. Kf3 Rc2 44. b4 Rc4 45. e4 h4 46. Kf4
Kf6 47. Ke3 Rc3+ 48. Kf2 Ke6 49. Rh5 Rc4 50. Rxh4 Rxb4 51. Ke3 a5 52. g4 a4 53.
g5 a3 54. g6 Kf6 55. e5+ Kxg6 56. Rxb4 Kf5 57. Kd4 1-0

[Event "18 Torneo San Viator"]
[Site "Madrid ESP"]
[Date "2012.06.03"]
[Round "9.28"]
[White "Rendo Quiros, Pedro"]
[Black "Garcia Carcedo, Jesus"]
[Result "0-1"]
[WhiteElo "1643"]
[BlackElo "1842"]
[PlyCount "104"]
[EventDate "2012.03.25"]
[EventType "swiss"]
[EventRounds "9"]
[EventCountry "ESP"]
[Source "lmi"]
[SourceDate "2012.03.25"]

1. d4 Nf6 2. Nf3 g6 3. c4 Bg7 4. Nc3 d6 5. e3 O-O 6. Be2 Nbd7 7. O-O Re8 8. Bd2
b6 9. a3 Bb7 10. Re1 e5 11. h3 exd4 12. Nxd4 Ne4 13. Nxe4 Bxe4 14. Bf3 Bxf3 15.
Qxf3 Ne5 16. Qe2 c5 17. Nc2 d5 18. cxd5 Qxd5 19. Bc3 Qc4 20. Rad1 Qxe2 21. Rxe2
Rad8 22. Red2 Rxd2 23. Rxd2 Nc4 24. Rd7 Nxb2 25. Bxg7 Kxg7 26. Rxa7 Rd8 27. Kf1
Nc4 28. Ne1 Rd1 29. Ke2 Ra1 30. Nc2 Ra2 31. Kd3 b5 32. Rb7 Nxa3 33. Nxa3 Rxa3+
34. Ke2 b4 35. Rb5 Rc3 36. Kd2 Kf6 37. f3 h5 38. g4 hxg4 39. hxg4 Ke5 40. Rb7
Ke6 41. f4 Ra3 42. Rb6+ Kd5 43. Rb7 Kc4 44. Rxf7 Ra2+ 45. Ke1 Kd3 46. f5 gxf5
47. gxf5 Kxe3 48. Kd1 Kd3 49. Rd7+ Kc3 50. f6 b3 51. Rc7 c4 52. Rb7 Rf2 0-1

[Event "18 Torneo San Viator"]
[Site "Madrid ESP"]
[Date "2012.06.03"]
[Round "9.29"]
[White "Brasa Olmos, Joaquin"]
[Black "Algaba Traspuesto, Jose Antonio"]
[Result "1-0"]
[WhiteElo "1560"]
[BlackElo "1674"]
[PlyCount "103"]
[EventDate "2012.03.25"]
[EventType "swiss"]
[EventRounds "9"]
[EventCountry "ESP"]
[Source "lmi"]
[SourceDate "2012.03.25"]

1. Nf3 d5 2. d4 c6 3. c4 e6 4. Nc3 dxc4 5. e3 b5 6. Be2 Bb7 7. O-O Nd7 8. a4
Bb4 9. axb5 Bxc3 10. bxc6 Bxc6 11. bxc3 Bb5 12. Qc2 Ne7 13. Ng5 h6 14. Ne4 Qc7
15. Ba3 Nc8 16. Bf3 Rb8 17. Bb4 Bc6 18. Rfb1 Bxe4 19. Qxe4 Nf6 20. Qc2 Nd5 21.
Qa4+ Qd7 22. Qxd7+ Kxd7 23. Bc5 Rxb1+ 24. Rxb1 Kc7 25. e4 Ndb6 26. Be2 Nd6 27.
f3 Rc8 28. Kf2 Na4 29. Bb4 Nb6 30. Ke3 Nb7 31. f4 Nd8 32. Bf8 Nb7 33. Bxg7 Rg8
34. Be5+ Kd7 35. g3 Kc6 36. Bf3 a5 37. f5 a4 38. fxe6 fxe6 39. d5+ exd5 40. Bd4
Nc5 41. exd5+ Nxd5+ 42. Kf2 Nd3+ 43. Kg2 N3f4+ 44. Kf1 Nd3 45. Rb6+ Kc7 46.
Bxd5 Rf8+ 47. Ke2 Re8+ 48. Re6 Rxe6+ 49. Bxe6 Nb2 50. Bc5 Kc6 51. Ba3 Nd3 52.
Bxc4 1-0

[Event "18 Torneo San Viator"]
[Site "Madrid ESP"]
[Date "2012.06.03"]
[Round "9.30"]
[White "Herreros Ruiz, Jorge Alejandro"]
[Black "Zumel Zea, Javier"]
[Result "1/2-1/2"]
[WhiteElo "1460"]
[BlackElo "1617"]
[PlyCount "53"]
[EventDate "2012.03.25"]
[EventType "swiss"]
[EventRounds "9"]
[EventCountry "ESP"]
[Source "lmi"]
[SourceDate "2012.03.25"]

1. d4 d5 2. c4 e6 3. Nc3 Nf6 4. Bg5 Nbd7 5. cxd5 exd5 6. Nxd5 Nxd5 7. Bxd8 Bb4+
8. Qd2 Bxd2+ 9. Kxd2 Kxd8 10. e3 N7b6 11. Nf3 h6 12. Ne5 Ke7 13. Rc1 c6 14. g3
Nd7 15. Nf3 N7f6 16. Bd3 Be6 17. a3 Rac8 18. Ne5 Nd7 19. Nf3 c5 20. Ke2 Rc7 21.
h3 Rhc8 22. e4 c4 23. Bb1 c3 24. exd5 Bxd5 25. Bd3 cxb2 26. Rxc7 Rxc7 27. Rb1
1/2-1/2

[Event "18 Torneo San Viator"]
[Site "Madrid ESP"]
[Date "2012.06.03"]
[Round "9.32"]
[White "Rasillo Fuentes, Raul"]
[Black "Garcia Rojas, Juan Carlos"]
[Result "0-1"]
[WhiteElo "1653"]
[BlackElo "1555"]
[PlyCount "64"]
[EventDate "2012.03.25"]
[EventType "swiss"]
[EventRounds "9"]
[EventCountry "ESP"]
[Source "lmi"]
[SourceDate "2012.03.25"]

1. d4 d5 2. c4 Nf6 3. cxd5 Qxd5 4. Nc3 Qd8 5. Nf3 e6 6. Bg5 c6 7. e3 Be7 8. Bd3
Nbd7 9. O-O O-O 10. Qc2 g6 11. e4 Nb6 12. e5 Nfd5 13. Bxe7 Qxe7 14. Ne4 Nd7 15.
Rfd1 Nf4 16. Rac1 Nh5 17. Nc5 Nb6 18. Qb3 Nd5 19. Be4 Nhf4 20. Rc2 b6 21. Nd3
Nxd3 22. Bxd3 Bb7 23. Nd2 Nb4 24. Rcc1 Nxd3 25. Qxd3 Rfd8 26. Ne4 c5 27. Nd6
cxd4 28. Qxd4 Bd5 29. a3 Qg5 30. g3 Qh5 31. Qf4 Rd7 32. Rc3 Qxd1# 0-1